Riconosci la Squadra di calcio - Quiz n°69 - Statistics

Statistiche generali
  • Questo quiz è stato fatto 7 volte
  • Il punteggio medio è 7 su 10
Statistiche sulle risposte
Indizio Risposta % Corretto
Titoli nazionali 4 Titoli di Germania2 Bundesliga 2
100%
Divisione nazionale 2023-2024 Seconda
100%
Simboli Diavolo
83%
Colori sociali Rosso, bianco
83%
Trofei internazionali 0
67%
Trofei nazionali 2 Coppe di Germania 1 Supercoppe di Germania
67%
Fondazione 1900
50%
Capienza Stadio 49 780 posti
50%
Confederazione UEFA
50%
Squadra Kaiserslautern
33%
Nessun quiz corrispondente trovato
Distribuzione punteggi
Percentuale di utenti per punteggio
Percentile per numero di risposta
I tuoi punteggi nel tempo
Non hai fatto questo quiz